[Event "COL-ch U14"]
[Site "Barranquilla"]
[Date "2024.04.12"]
[Round "3"]
[White "Pedraza Diaz, Lidmann Steven"]
[Black "Silva Alvarez, Matias"]
[Result "0-1"]
[WhiteElo "1485"]
[BlackElo "1577"]
[PlyCount "40"]
[EventDate "2024.04.11"]
[EventType "swiss"]
[EventRounds "7"]
[EventCountry "COL"]
[SourceTitle "CBM 219 Extra"]
[Source "ChessBase"]
[SourceDate "2024.05.31"]
[SourceVersion "1"]
[SourceVersionDate "2024.05.31"]
[SourceQuality "1"]

1. e4 c5 2. d4 cxd4 3. Qxd4 Nc6 4. Qd1 g6 5. Nf3 Bg7 6. Nc3 d6 7. Be3 Nf6 8. Qd2 a6 9. 0-0-0 Bd7 10. Bh6 Bxh6 11. Qxh6 Qb6 12. Qe3 Qxe3+ 13. fxe3 Rc8 14. Be2 Ng4 15. Rdf1 Nxe3 16. Rf2 0-0 17. h3 f5 18. Kd2 f4 19. g3 fxg3 20. Rg2 Nxg2 0-1